| 000 | 00735nam a22001815i 4500 | ||
|---|---|---|---|
| 001 | 161653 | ||
| 003 | ES-MaACL | ||
| 005 | 20230906212330.0 | ||
| 008 | 041022s1885 ag |||| | spa d | ||
| 040 |
_aCAM _bspa _cCAM |
||
| 100 | 1 |
_aPelliza, Mariano A. _9130951 |
|
| 245 | 1 | 0 |
_aFederación Social Americana / _cMariano A. Pelliza. |
| 260 |
_aBuenos Aires : _b[s.n.], _c1885 ( _fImprenta de Juan A. Alsina) |
||
| 300 |
_a62 p. ; _c20 cm. |
||
| 505 | 8 | _aMisión diplomática de los Estados Unidos : discurso pronunciado al entregar las credenciales / Francisco J. Ortiz : p. 53-62 | |
| 700 | 1 |
_aOrtiz, Francisco J. _9130722 |
|
| 852 |
_aES-MaACL _jT-467-F-13 _z-- Enc. hol. _q-- Falto de la cub. original _z-- Enc. en un vol. facticio |
||
| 999 |
_c161653 _d161653 |
||